Notas genealógicas viguesas / (Record no. 22545)

MARC details
000 -LEADER
campo de control de longitud fija 00658nam a2200205 i 4500
001 - NÚMERO DE CONTROL
campo de control 22545
003 - IDENTIFICADOR DE NÚMERO DE CONTROL
campo de control ES-MaACL
005 - FECHA Y HORA DE LA ÚLTIMA TRANSACCIÓN
campo de control 20250728085521.0
007 - CAMPO FIJO DE DESCRIPCIÓN FÍSICA--INFORMACIÓN GENERAL
campo de control de longitud fija t|
008 - DATOS DE LONGITUD FIJA--INFORMACIÓN GENERAL
campo de control de longitud fija 021203s1984 sp ||||1| spa d
100 1# - ENTRADA PRINCIPAL--NOMBRE DE PERSONA
Nombre de persona Alonso Gregorio-Espino, Julio.
9 (RLIN) 20337
245 10 - MENCIÓN DEL TÍTULO
Título Notas genealógicas viguesas /
Mención de responsabilidad, etc. por Julio Alonso Gregorio-Espino ; prólogo: José Filgueira Valverde.
260 ## - PUBLICACIÓN, DISTRIBUCIÓN, ETC.
Lugar de publicación, distribución, etc. [Madrid :
Nombre del editor, distribuidor, etc. s.n.,
Fecha de publicación, distribución, etc. 1984] (
Fabricante Gráf. Mar-Car)
300 ## - DESCRIPCIÓN FÍSICA
Extensión 1 v. ;
Dimensiones 24 cm.
505 8# - NOTA DE CONTENIDO CON FORMATO
Nota de contenido con formato Contiene: V. I.
651 #4 - PUNTO DE ACCESO ADICIONAL DE MATERIA--NOMBRE GEOGRÁFICO
Nombre geográfico Vigo-
Subdivisión general Genealogía.
9 (RLIN) 165297
700 1# - ENTRADA AGREGADA--NOMBRE PERSONAL
Nombre de persona Filgueira Valverde, José,
Fechas asociadas al nombre 1906-1996
9 (RLIN) 50833
852 ## - LOCALIZACIÓN
Ubicación ES-MaACL
Número de control de estantería P-430
Holdings
Estatus retirado Estado de pérdida Estado de daño No para préstamo Biblioteca de origen Biblioteca actual Ubicación en estantería Fecha de adquisición Fuente de adquisición Total de préstamos Signatura topográfica completa Código de barras Visto por última vez Precio de reemplazo Tipo de ítem Koha
        Biblioteca del Ateneo de Madrid Biblioteca del Ateneo de Madrid Depósito 2 17/01/2008     P-430 1023209 23/02/2023 23/02/2023 Libro impreso